Odvodnenie strechy veľkopriestorovej haly s porovnaním gravitačného a podtlakového systému a návrh vsakovacieho zariadenia
Saved in:
| Main Author: | |
|---|---|
| Other Authors: | |
| Format: | Manuscript Book |
| Language: | Slovak |
| Published: |
2025
|
| Subjects: | |
| Online Access: | http://is.stuba.sk/zp/portal_zp.pl?podrobnosti=181775 CRZP |
| Tags: |
No Tags, Be the first to tag this record!
|
MARC
| LEADER | 00000ntm a22000003a 4500 | ||
|---|---|---|---|
| 001 | stuzp104141 | ||
| 003 | SK-STU | ||
| 005 | 20250731150202.8 | ||
| 007 | ta | ||
| 008 | 150427s2015----xo-----f-mn---000-0-slo-d | ||
| 040 | |a STU |b slo | ||
| 041 | 0 | |a slo | |
| 100 | 1 | |a Plottová, Kristína |u 010290 |4 aut |U SvF Stavebná fakulta |T SvF Katedra technických zariadení budov |X 93067 |U V290 |Y 31 |7 93067 | |
| 242 | 0 | 1 | |a Drainage of the large-area hall roof with a comparison of gravity and pressure system |y eng |
| 245 | 1 | 0 | |a Odvodnenie strechy veľkopriestorovej haly s porovnaním gravitačného a podtlakového systému a návrh vsakovacieho zariadenia |
| 260 | |c 2025 | ||
| 650 | 4 | |a gravity system |2 eng | |
| 650 | 4 | |a rainwater |2 eng | |
| 650 | 4 | |a underpressure system |2 eng | |
| 650 | 4 | |a zrážková voda |2 slo | |
| 650 | 4 | |a podtlakový systém |2 slo | |
| 650 | 4 | |a gravitačný systém |2 slo | |
| 700 | 1 | |a Predajnianska, Anna |u 010290 |k Z1 |4 ths |U SvF Stavebná fakulta |T SvF Katedra technických zariadení budov |X 54857 |U V290 |Y 31 |7 54857 | |
| 856 | 4 | |u http://is.stuba.sk/zp/portal_zp.pl?podrobnosti=181775 | |
| 856 | 4 | |u https://opac.crzp.sk/?fn=detailBiblioForm&sid=C9A1C75A261DD259FC85411E26A3 |z CRZP | |